00614nam a2200169 i 450000100060000000300090000600500170001500700030003200800410003510000360007624501040011226000370021630000320025385200220028599900170030795201200032469538ES-MaACL20230906170538.0t|040707s1919 sp ||||1| spa d1 aGarcía del Diestro, J.95451310aEstudio clínico de la tuberculosis gangliopulmonar en los niños /cpor J. García del Diestro. aMadrid : bEspasa-Calpe, c1919. a101 p., 4 lám. ; c24 cm. aES-MaACLjB-11383 c69538d69538 00104070aATENEOMbATENEOMcSPBd2008-01-17eSCl0oB-11383p1072816r2023-02-23 00:00:00w2023-02-23yMONOGRAFIA